| 000 | 00537nam a2200157 i 4500 | ||
|---|---|---|---|
| 001 | 90840 | ||
| 003 | ES-MaACL | ||
| 005 | 20230906180556.0 | ||
| 007 | t| | ||
| 008 | 050125s1973 sp ||||1| spa d | ||
| 245 | 0 | 0 |
_aLecturas sobre teoría económica _b: economía dinámica : crisis y ciclo / _cseleccionadas por J. Hortalá Arau. |
| 260 |
_aBarcelona : _bUniversidad de Barcelona, Departamento de Teoría Económica, _c[1973] |
||
| 300 |
_a197 p. ; _c21 cm. |
||
| 700 | 1 |
_aHortalà i Arau, Joan. _9158761 |
|
| 852 |
_aES-MaACL _jC-52974 |
||
| 999 |
_c90840 _d90840 |
||